000 01300nam a22002897a 4500
003 OSt
005 20260427133732.0
008 210223b 2020 dr aj 00| 0 eng d
020 _a9789945094428
040 _aDO-SdBNP
_bspa
_cBNPHU
082 4 _aRD863.5
_bF316u
_222
100 1 _aFéliz Camilo, Arturo
_971600
245 1 0 _aUna historia de cactus :
_by otros cuentos /
_c Arturo Féliz-Camilo ; ilustraciones por Ana Camila Féliz (Kami) ; prólogo Clarissa Guerrero ; corrección y epilogo Nancy Patricia Canó.
250 _a2a ed.
260 _aSanto Domingo :
_bBuho,
_c2020.
300 _a85 p. :
_bil. ;
_c23 cm.
500 _a Basado en las ideas originales de David Arturo Feliz
505 0 _aPrólogo --
_tEl abuelo --
_t Una historia de cactus --
_tJosé y el abuelo --
_tEl niño en el espejo --
_tGlobos desinflados --
_tCuentos raros --
_tCuevas oscuras --
_tEl circo --
_tCuentos de niños --
_tEpilogo.
590 _aInventariado, 2021 /LP
650 4 _aCuentos dominicanos
_9176
650 4 _aLiteratura dominicana
_xSiglo XX
_989415
700 1 _aFéliz, Ana Camila,
_eilustraciones,
_977887
700 1 _aGuerrero, Clarissa,
_eprólogo
_977891
700 1 _aCanó, Nancy Patricia,
_ecorrección y epílogo
_977892
910 _aValidado. Control de calidad MFF
942 _2ddc
_cLBS1
999 _c49432
_d49432